LEADER 00967nam0-22003371i-450- 001 990002022890403321 005 20021010 035 $a000202289 035 $aFED01000202289 035 $a(Aleph)000202289FED01 035 $a000202289 100 $a20021010d--------km-y0itay50------ba 101 0 $aita 200 1 $a<>annotated list of Aphididae (Homoptera) of North America.$fClyde F. Smith, Carol S. Parron 210 $aRaleigh$cNorth Carolina Agric. Exp. Station$d1978 215 $a428 p.$d23 cm 225 1 $aTech. Bul.$v255 610 0 $aAfidi 610 0 $aOmotteri 610 0 $aRincoti 676 $a595.752 700 1$aSmith,$bClyde F.$085814 702 1$aParron,$bCarol S. 801 0$aIT$bUNINA$gRICA$2UNIMARC 901 $aBK 912 $a990002022890403321 952 $a61 IV F.5/56$b2159$fDAGEN 959 $aDAGEN 996 $aAnnotated list of Aphididae (Homoptera) of North America$9405304 997 $aUNINA DB $aING01 LEADER 01252nam 2200361 450 001 9910150506303321 005 20230810001322.0 010 $a1-5018-1079-0 035 $a(CKB)3710000000944050 035 $a(MiAaPQ)EBC4744098 035 $a(EXLCZ)993710000000944050 100 $a20161122h20172017 uy| 0 101 0 $aeng 135 $aurcnu|||||||| 181 $2rdacontent 182 $2rdamedia 183 $2rdacarrier 200 00$aBL4Y$hVol. 30, no. 3, Spring 2017 $eBible lessons for youth /$feditorial & design team, Jason Sansbury, editor, Pam Shepherd, production editor, Keely Moore, design manager, Kellie Green, designer ; administrative team, Brian K. Milford, President/CEO, Marjorie M. Pon, editor, Church School Publications 210 1$aNashville, Tennessee :$cCokesbury,$d[2017] 210 4$dİ2017 215 $a1 online resource (140 pages) $cillustrations 517 1 $aBL4Y :$eBible lessons for youth : leader : love. 606 $aChristian education 615 0$aChristian education. 702 $aSansbury$b Jason 702 $aShephard$b Pam 801 0$bMiAaPQ 801 1$bMiAaPQ 801 2$bMiAaPQ 906 $aBOOK 912 $a9910150506303321 996 $aBL4Y$93419934 997 $aUNINA